| 000 | 00381nam a2200133Ia 4500 | ||
|---|---|---|---|
| 008 | 220217s9999||||xx |||||||||||||| ||und|| | ||
| 020 | _a9788126521470 | ||
| 082 | _a005.74 SOM | ||
| 100 | _aSomasundaran, G and Shrivastav, Alok | ||
| 245 | 0 | _aInformation storage and management | |
| 260 |
_aWiley india _bNew Delhi _c2012 |
||
| 300 |
_aXX, 455p. _b599 |
||
| 650 | _aMANAGEMENT | ||
| 999 |
_c183827 _d183827 |
||